| 000 | 00498nam a22001937a 4500 | ||
|---|---|---|---|
| 003 | MPLRDC | ||
| 005 | 20220104193742.0 | ||
| 008 | 210129b ||||| |||| 00| 0 eng d | ||
| 020 | _a978-983-3941-87-2 | ||
| 082 | _a738.6717 DZQ-4 | ||
| 100 | _a杜忠全 | ||
| 245 |
_a老槟城路志铭 _c |
||
| 250 | _a二版一刷 | ||
| 260 |
_a马来西亚 _b大将出版社 _c2011 |
||
| 300 | _b平 | ||
| 490 | _a大将悠游: 11 | ||
| 650 | _a马来西亚史地--槟城 | ||
| 942 |
_cBK _o738.6717 DZQ-4 |
||
| 999 |
_c65349 _d65339 |
||